[Event "Barcelona Sant Marti op-A 20th"]
[Site "Barcelona"]
[Date "2018.07.21"]
[Round "9"]
[White "Coste, Roman"]
[Black "Low, Kevin"]
[Result "1-0"]
[WhiteElo "1948"]
[BlackElo "2122"]
[PlyCount "103"]
[EventDate "2018.07.13"]
[EventType "swiss"]
[EventRounds "9"]
[EventCountry "ESP"]
[SourceTitle "CBM 185 Extra"]
[Source "ChessBase"]
[SourceDate "2018.07.29"]
[SourceVersion "1"]
[SourceVersionDate "2018.07.29"]
[SourceQuality "1"]

1. d4 Nf6 2. Nf3 e6 3. Bf4 d5 4. e3 c5 5. c3 Nc6 6. Bd3 Be7 7. h3 0-0 8. 0-0 c4 9. Be2 b5 10. a3 Bb7 11. Nbd2 a5 12. Qb1 b4 13. e4 Nd7 14. exd5 exd5 15. axb4 axb4 16. Qf5 Nb6 17. Rfe1 Bc8 18. Qh5 Bd7 19. Rxa8 Qxa8 20. Nf1 Qa2 21. Bc7 g6 22. Qh6 Qa7 23. Bxb6 Qxb6 24. Bxc4 Bf6 25. Bxd5 Ne7 26. Ng5 Bxg5 27. Qxg5 Nxd5 28. Qxd5 Be6 29. Qe5 bxc3 30. bxc3 Qb3 31. Qe3 Rc8 32. Rc1 Qb2 33. Qd2 Qb5 34. Ne3 Qg5 35. Nc4 Qh4 36. Ne5 Bd5 37. c4 Ba8 38. d5 f6 39. Ng4 h5 40. Qh6 Qg5 41. Qxg5 fxg5 42. Ne3 Kf7 43. Kf1 Ke7 44. Ke2 Kd6 45. Kd3 Bb7 46. Kd4 Rf8 47. c5+ Kc7 48. f3 Ba6 49. d6+ Kc6 50. Nd5 Be2 51. Ne7+ Kd7 52. Nxg6 1-0

[Event "Barcelona Sant Marti op-A 20th"]
[Site "Barcelona"]
[Date "2018.07.19"]
[Round "7"]
[White "Marchador Villalba, Jordi"]
[Black "Coste, Roman"]
[Result "1/2-1/2"]
[WhiteElo "2009"]
[BlackElo "1948"]
[PlyCount "110"]
[EventDate "2018.07.13"]
[EventType "swiss"]
[EventRounds "9"]
[EventCountry "ESP"]
[SourceTitle "CBM 185 Extra"]
[Source "ChessBase"]
[SourceDate "2018.07.29"]
[SourceVersion "1"]
[SourceVersionDate "2018.07.29"]
[SourceQuality "1"]

1. d4 d5 2. Bf4 Bf5 3. c4 e6 4. Nc3 c6 5. e3 Nf6 6. Nf3 Bd6 7. Ne5 0-0 8. Be2 Qe7 9. c5 Bc7 10. b4 Nbd7 11. Nxc6 bxc6 12. Bxc7 Nxc5 13. Bf4 Nce4 14. Nxe4 Bxe4 15. 0-0 Qxb4 16. Rc1 Qa5 17. Qb3 Rfc8 18. Rc5 Qb6 19. f3 e5 20. Bg3 exd4 21. exd4 Bf5 22. Rfc1 Re8 23. Bf1 Bd7 24. Qc2 Qb4 25. Qd3 g6 26. Be5 Bf5 27. Qb3 Qxb3 28. axb3 Nd7 29. Rxc6 Nxe5 30. dxe5 Rxe5 31. b4 Rb8 32. b5 d4 33. Rd6 Rbe8 34. Rxd4 Re1 35. Rxe1 Rxe1 36. Kf2 Ra1 37. Rd8+ Kg7 38. Ra8 Ra5 39. Rb8 h5 40. h4 Be6 41. Bd3 Kf6 42. Be4 Ke5 43. Bc6 Kd6 44. Ke3 Ra2 45. g3 a6 46. Be4 f5 47. Rb6+ Ke7 48. Bb7 Ra3+ 49. Kd4 axb5 50. Rxb5 Ra1 51. Ke3 Bc4 52. Rb6 Kf7 53. Kf4 Rg1 54. Ba6 Bxa6 55. Rxa6 Rg2 1/2-1/2

[Event "Barcelona Sant Marti op-A 20th"]
[Site "Barcelona"]
[Date "2018.07.17"]
[Round "5"]
[White "Coste, Roman"]
[Black "Minko, Dmitry"]
[Result "1/2-1/2"]
[WhiteElo "1948"]
[BlackElo "2085"]
[PlyCount "136"]
[EventDate "2018.07.13"]
[EventType "swiss"]
[EventRounds "9"]
[EventCountry "ESP"]
[SourceTitle "CBM 185 Extra"]
[Source "ChessBase"]
[SourceDate "2018.07.29"]
[SourceVersion "1"]
[SourceVersionDate "2018.07.29"]
[SourceQuality "1"]

1. d4 d5 2. c4 e6 3. Nc3 Be7 4. Nf3 Nf6 5. Bf4 0-0 6. e3 Nbd7 7. Rc1 c5 8. cxd5 Nxd5 9. Nxd5 exd5 10. Bd3 cxd4 11. exd4 Bb4+ 12. Kf1 Nf6 13. h3 Ne4 14. g3 Bd6 15. Be5 Qb6 16. Bxd6 Qxd6 17. Kg2 Bf5 18. Qb3 b6 19. Rc2 Rac8 20. Rhc1 Qe6 21. Ng1 Nd2 22. Bxf5 Qxf5 23. Rxc8 Nxb3 24. Rxf8+ Kxf8 25. axb3 Qd7 26. Rc3 f6 27. g4 Ke8 28. Ne2 Qd6 29. f4 Kd7 30. Kf2 Qe6 31. Re3 Qc6 32. Rc3 Qb5 33. Ke3 Qb4 34. Kd2 a5 35. f5 a4 36. bxa4 Qxb2+ 37. Kd3 Qb1+ 38. Ke3 Qb4 39. Kd3 Qxa4 40. Ke3 b5 41. Nf4 Kd6 42. Rc8 Qa3+ 43. Nd3 b4 44. Rd8+ Kc6 45. Rc8+ Kd7 46. Rb8 b3 47. Nc5+ Kc6 48. Rxb3 Qc1+ 49. Kd3 Qf1+ 50. Kd2 Qf2+ 51. Kd3 Qg2 52. Rc3 Qxh3+ 53. Kc2 Qg2+ 54. Kb3 Qxg4 55. Ne6+ Kd6 56. Kb4 Qxf5 57. Nxg7 Qg6 58. Rg3 Qb1+ 59. Rb3 Qe4 60. Kb5 Ke7 61. Re3 Kd6 62. Rxe4 dxe4 63. Kc4 h6 64. Nf5+ Ke6 65. Nxh6 f5 66. d5+ Ke5 67. Nf7+ Kf6 68. Nd6 e3 1/2-1/2

[Event "Montpellier op 4th"]
[Site "Montpellier"]
[Date "2009.??.??"]
[Round "9"]
[White "Bouguerra, Tayeb"]
[Black "Coste, Roman"]
[Result "0-1"]
[WhiteElo "2018"]
[BlackElo "1920"]
[PlyCount "80"]
[EventDate "2009.12.26"]
[EventType "swiss"]
[EventRounds "9"]
[EventCountry "FRA"]
[SourceTitle "CBM 134 Extra"]
[Source "ChessBase"]
[SourceDate "2010.03.03"]
[SourceVersion "1"]
[SourceVersionDate "2010.03.03"]
[SourceQuality "1"]

1. d4 d5 2. Nc3 Nf6 3. Bg5 Nbd7 4. Nf3 e6 5. e3 c5 6. Be2 a6 7. 0-0 b5 8. Ne5 Nxe5 9. dxe5 h6 10. Bh4 g5 11. Bg3 Ne4 12. Bh5 Nxc3 13. bxc3 Bg7 14. Qg4 0-0 15. f4 f5 16. Qe2 Bd7 17. Rfd1 Be8 18. Be1 g4 19. Bxe8 Qxe8 20. Rdb1 Qc6 21. a3 Rfb8 22. Bd2 Bf8 23. Be1 c4 24. Bh4 Qe8 25. Qf2 Bc5 26. Bf6 Qf8 27. h3 h5 28. hxg4 hxg4 29. a4 Be7 30. Bxe7 Qxe7 31. Qg3 bxa4 32. Kf2 Kg7 33. Rh1 Rh8 34. Rxh8 Rxh8 35. Rxa4 Qa7 36. Ke2 Rh1 37. Kd2 a5 38. e4 Qg1 39. exf5 Qd1+ 40. Ke3 Re1+ 0-1

[Event "Montpellier op 4th"]
[Site "Montpellier"]
[Date "2009.??.??"]
[Round "2"]
[White "Coste, Roman"]
[Black "Buscara, Sevan"]
[Result "0-1"]
[WhiteElo "1920"]
[BlackElo "2272"]
[PlyCount "44"]
[EventDate "2009.12.26"]
[EventType "swiss"]
[EventRounds "9"]
[EventCountry "FRA"]
[SourceTitle "CBM 134 Extra"]
[Source "ChessBase"]
[SourceDate "2010.03.03"]
[SourceVersion "1"]
[SourceVersionDate "2010.03.03"]
[SourceQuality "1"]

1. b3 e5 2. Bb2 Nc6 3. e3 d5 4. d3 Be6 5. Nd2 Qd7 6. Ngf3 f6 7. Be2 0-0-0 8. c4 g5 9. 0-0 Nge7 10. a3 g4 11. Ne1 h5 12. b4 h4 13. Qa4 g3 14. f4 gxh2+ 15. Kxh2 dxc4 16. b5 Nb8 17. Nxc4 Nf5 18. Qxa7 Bxc4 19. dxc4 h3 20. Bf3 hxg2+ 21. Kxg2 Qg7+ 22. Kf2 Rd2+ 0-1

[Event "FRA-ch op-B"]
[Site "Pau"]
[Date "2008.08.16"]
[Round "5"]
[White "Chebance, Benoit"]
[Black "Coste, Roman"]
[Result "1/2-1/2"]
[WhiteElo "1988"]
[BlackElo "1875"]
[PlyCount "89"]
[EventDate "2008.08.11"]
[EventType "swiss"]
[EventRounds "11"]
[EventCountry "FRA"]
[SourceTitle "CBM 126 Extra"]
[Source "ChessBase"]
[SourceDate "2008.11.05"]
[SourceVersion "1"]
[SourceVersionDate "2008.11.05"]
[SourceQuality "1"]

1. e4 e6 2. d4 d5 3. Nd2 dxe4 4. Nxe4 Nd7 5. Nf3 Ngf6 6. Nxf6+ Nxf6 7. Bd3 c5 8. dxc5 Bxc5 9. 0-0 0-0 10. Bg5 Be7 11. Qe2 Nd5 12. Bxe7 Qxe7 13. Bc4 Nb6 14. Bb3 Bd7 15. a4 Bc6 16. Ne5 Qc7 17. Nxc6 Qxc6 18. a5 Nd5 19. Ra4 Qc5 20. Qh5 g6 21. Qh6 f5 22. h4 Rfd8 23. h5 Qf8 24. Qxf8+ Kxf8 25. hxg6 hxg6 26. Re1 Kf7 27. Rd4 Nc7 28. Red1 Ke7 29. Kf1 e5 30. Rxd8 Rxd8 31. Rxd8 Kxd8 32. Bf7 g5 33. Bg6 f4 34. Be4 b6 35. axb6 axb6 36. Ke2 Kd7 37. Kd3 Kd6 38. b4 Ne6 39. c3 Nc7 40. Bb7 b5 41. Ke4 Ke6 42. f3 Ne8 43. Bc8+ Kd6 44. Kf5 Nc7 45. Ke4 1/2-1/2

[Event "Montpellier op"]
[Site "Montpellier"]
[Date "2006.12.??"]
[Round "1"]
[White "Vaisman, Volodia"]
[Black "Coste, Roman"]
[Result "1-0"]
[WhiteElo "2336"]
[BlackElo "1670"]
[PlyCount "71"]
[EventDate "2006.12.26"]
[EventType "swiss"]
[EventRounds "9"]
[EventCountry "FRA"]
[SourceTitle "CBM 116 Extra"]
[Source "ChessBase"]
[SourceDate "2007.03.07"]
[SourceVersion "1"]
[SourceVersionDate "2007.03.07"]
[SourceQuality "1"]

1. Nf3 Nf6 2. c4 e6 3. g3 b6 4. Bg2 Bb7 5. 0-0 Be7 6. d4 d5 7. cxd5 exd5 8. Nc3 0-0 9. Ne5 Nbd7 10. f4 Ne4 11. Qb3 Ndf6 12. Be3 Nxc3 13. bxc3 Ne4 14. Rfd1 f5 15. Rac1 g5 16. c4 Kg7 17. Qb2 h5 18. Rf1 g4 19. Bxe4 dxe4 20. d5 Bf6 21. Bd4 Qe7 22. e3 Rad8 23. Rf2 Qd6 24. Rd1 Ba8 25. Rfd2 Qe7 26. a4 Rh8 27. h4 gxh3 28. Kh2 Rh6 29. Kxh3 Bb7 30. Rh2 Kh7 31. Kg2 Qg7 32. Rdh1 Bxe5 33. Rxh5 Bxd4 34. Rxh6+ Kg8 35. Qxd4 Qxd4 36. exd4 1-0